MDQL
is popping MORE tags! Check the
thread
!
Quizzes
Events
Quiz Creation
Community
Videos
Private Events
Remove Ads
Sign In
Join for FREE
Feedback
Dark Mode
Quiz Categories
Sports
Geography
Music
Movies
Television
Just For Fun
Miscellaneous
History
Literature
Language
Science
Gaming
Entertainment
Religion
Holiday
For Kids
Quiz Lab
Recent
Popular Today
Quiz Kudos Today
Editor Picks
Curator Picks
Quizzes by...
Day
Popularity
Type
Ratings
Length
Year
Community
Subscriptions
Recent Discussions
Orange Saloon
Badges
Playlists
Quests
Create
Leaderboards
Showdown
Live 5
Trivia Bingo
Activity
Puzzle Library
Sporcle Events
Private Events
Virtual Trivia
Globe League
Become a Host
Pub Owners
SporcleCon
Opinionation
Our Games
Videos
Blog
Mobile Apps
Partnerships
Remove Ads and Go Orange
Feedback
Language
Vocabulary
Begins and Ends
Definition
Spanish
French
German
Italian
Chinese
Latin
Translation
Japanese
Language
Vocabulary
Begins and Ends
Definition
Spanish
French
German
Italian
Chinese
Latin
Translation
Japanese
Random Quiz
Search Sporcle
×
Quiz Lab
Quiz Lab
Language
Definition
Select answers by clicking on text or image buttons
Select answers by clicking on text or image buttons
Clickable
Best Score? Go Orange.
'H' British slang Stats
Can you match the slang to its definition?
By
TheChigs
3m
10 Questions
1,932 Plays
1,932 Plays
1,932 Plays
Comments
Comments
Give Quiz Kudos
Give Quiz Kudos
-
- Ratings
hide this ad
Forced Order
Answers have to be entered in order
Answers have to be entered in order
Random Order
Randomize order of answers
Randomize order of answers
Replay
Link that replays current quiz
Next Quiz
Link to next quiz in quiz playlist
You Got
0%
They Got
Avg Score
88%
Avg Friend Score
Upgrade to see
Score Distribution
Jump to the score distribution portion of the page
Score
0/10
Timer
03:00
0
Plays Today
% Correct
Is pregnant
97.2%
Tantrum
97.2%
Have power over someone
96.8%
Try something
96.6%
Look miserable
93.2%
Tough luck
89.9%
In possession of lots of money
82.9%
Throw
78.7%
Exclamation of success, similar to 'get in'
76.1%
Hang on a minute
72.4%
Quiz Playlist
Details
Report
Send in Message
Add To Playlist
Clickable:
Select answers by clicking on text or image buttons
Forced Order:
Answers have to be entered in order
Random Order:
Randomize order of answers
Quiz Source
Last Updated: Mar 23, 2017
Quiz Scoreboard
CHALLENGE
Sign Up to Join the Scoreboard
Show All
Scores
Hide
Comments
May contain spoilers
Recently Published
Image Sorting: Flags VI
by Barbecue
Geography
2m
Find the 'City' Movie
by crazypaving
Movies
60s
Colored Red Africa Blitz
by spor1
Geography
45s
More to Explore
Quiz From the Vault
Featured Blog Post
14 Easter Pick-up Lines to Find Eggs With
hide this ad
You Might Also Like...
Tags
Clickable Quiz
Definition Quiz
British
slang
Today's Top Quizzes in Language
Browse Language
hide this ad
Today's Top Quizzes in Definition
Browse Definition
Top Contributed Quizzes in Language
1
What Word Starts All?
2
Arabic Numerals
3
1-10 Letter F Words III
4
1-10 Letter G Words III
5
1-10 Letter H Words III
6
Weisst du, aus welchen Sprachen diese Wörter stammen?
7
1-10 Letter I Words III
8
Latihan Huruf Hiragana KA KI KU KE KO
9
1-10 Letter M Words III
10
1-10 Letter J Words III
Explore More
Trending Topics
Harry Potter
Crossword
Disney
Anime
Kpop
Marvel
NBA
Country
WWE
Puzzle
Song
Pokémon
Soccer
NFL
The Office
hide this ad
More By:
TheChigs
Quiz
Plays
Rating
Category
Featured
Created
Astronomer Name Match-Up
15,043
4.60
Science
Sep 1, 2016
'A' British slang
5,176
3.18
Language
Nov 29, 2016
Nobel Prize in Physics Matching
4,790
4.64
Science
Jul 5, 2016
'B' British slang
3,372
4.23
Language
Dec 1, 2016
8 out of 10 cats does countdown TEASERS
3,026
4.67
Television
Nov 9, 2016
Go to Creator's Profile
Score Distribution
Quiz Creator Spotlight
TheChigs
Follow
Send a Message
Quizzes Created
-
Created Quiz Play Count
-
More By This Creator
Popular Quizzes Today
1
Colored Red Africa Blitz
2
Find the US States - No Outlines Minefield
3
Find the 'City' Movie
4
5x2 Blitz: Bands
5
The Countries of the World
6
Find the US States
7
Find the Countries of Europe - No Outlines Minefield
8
US States
More Language Quizzes
Countdown Conundrum XIII
Editor's Pick
Trending Quizzes
Colored Red Europe Blitz I
Colored Red Europe Blitz II
Colored Red Africa Blitz II
Colored Red Europe Blitz III
Colored Red Africa Blitz III
Recently Updated
How Do You Spell That?
pecheneg
Godzilla Movies
pecheneg
Grab Bag: 4-10 Letters
pecheneg
2024 March Madness Bracket
pecheneg
Famous TV Couples
Peacemaker
Champions League XIs: Real Madrid
pecheneg
Largest US Cities 1790-2010
pecheneg
Rides in Walt Disney World
pecheneg
Most Oscar Losses (Acting)
pecheneg
Beyoncé Albums
pecheneg
Trending Topics
Harry Potter
Kpop
Crossword
NBA
Marvel
Disney
Anime
Country
WWE
Pokémon
Song
The Office
Puzzle
Soccer
NFL
Your Account Isn't Verified!
In order to create a playlist on Sporcle, you need to verify the email address you used during registration. Go to your
Sporcle Settings
to finish the process.
Report this User
Report this user for behavior that violates our
Community Guidelines
.
Details:
Send Report
Go to the Sporcle.com Mobile Site →
Comments